000 00644nam a2200253Ia 4500
003 OSt
005 20221005132339.0
006 a|||||r|||| 00| 0
007 ta
008 221004b |||||||| |||| 00| 0 tam d
024 _a48223
037 _cTextual
040 _aCRL
_cCRL
_btam
041 _2tam
_atam
082 _aO31,1C5:g, G6
100 _aIyer Saminatha Au.
_9636527
245 0 _aThiruvalluvarum thirukkuralum
260 _c1936
300 _a34p.
_ccm.
650 _a TAMIL POETRY
650 _aTAMIL LITERATURE
942 _hO31,1C5:g, G6
_cTEXL
_2cc
999 _c1063330
_d1063330